00221nam a2200085Ia 4500008004100000100002800041245003600069260002100105260000900126170620s9999 xx 000 0 und d aSiddiqui- Mujibul Hasan 0aAdvanced Educational Psychology bNew Delhi- A.P.H c2009